| 000 | 00867nam a2200253 i 4500 | ||
|---|---|---|---|
| 001 | 105510 | ||
| 003 | ES-MaACL | ||
| 005 | 20230906183917.0 | ||
| 007 | t| | ||
| 008 | 060720s1966 ag a |||| | spa d | ||
| 080 | _a323.174(461.1) | ||
| 080 | _a338(461.1)"1939/..." | ||
| 080 | _a308(461.1)"1939/..." | ||
| 245 | 0 | 0 |
_aGalicia hoy / _cpresentación, Santiago Fernández, Maximino Brocos. |
| 260 |
_a[Buenos Aires] : _bRuedo Ibérico, _c[1966] |
||
| 300 |
_a153 p. : _bil. ; _c21 cm. |
||
| 650 | 1 | 4 |
_aRegionalismo- _zGalicia. _916753 |
| 651 | 4 |
_aGalicia- _xSituación económica- _y1939-1975. _9167740 |
|
| 651 |
_aGalicia- _xSituación social- _y1939-1975. _9167741 |
||
| 700 | 1 |
_aFernández, Santiago. _949429 |
|
| 700 | 1 |
_aBrocos, Maximino. _931846 |
|
| 710 | 2 |
_aÉditions Ruedo ibérico. _9145333 |
|
| 852 |
_aES-MaACL _jAND-303 _z- Biblioteca Juan Andrade |
||
| 999 |
_c105510 _d105510 |
||